[Event "Euskadi-ch"]
[Site "Zornotza"]
[Date "2015.04.11"]
[Round "6"]
[White "Cucarella Montell, Angels"]
[Black "Ladron de Guevara Pinto, Miguel"]
[Result "1-0"]
[WhiteElo "1949"]
[BlackElo "2112"]
[PlyCount "69"]
[EventDate "2015.04.06"]
[EventType "swiss"]
[EventRounds "7"]
[EventCountry "ESP"]
[SourceTitle "EXT 2018"]
[Source "ChessBase"]
[SourceDate "2017.10.13"]
[SourceVersion "1"]
[SourceVersionDate "2017.10.13"]
[SourceQuality "1"]

1. e4 e5 2. Nf3 Nc6 3. Bb5 a6 4. Ba4 Nf6 5. d3 b5 6. Bb3 Be7 7. a4 Bb7 8. 0-0 d6 9. Nc3 Na5 10. Ba2 b4 11. Nd5 Nxd5 12. Bxd5 c6 13. Ba2 b3 14. cxb3 c5 15. Nd2 Nc6 16. Nc4 a5 17. f4 0-0 18. Ne3 Nb4 19. Bb1 exf4 20. Nf5 g6 21. Nxe7+ Qxe7 22. Bxf4 d5 23. Qg4 f6 24. Bh6 Rf7 25. exd5 f5 26. Qg3 Nxd5 27. d4 f4 28. Qg5 Qe3+ 29. Kh1 f3 30. Bxg6 fxg2+ 31. Qxg2 Rxf1+ 32. Rxf1 Qxh6 33. Bf7+ Kh8 34. Bxd5 Bxd5 35. Qxd5 1-0

[Event "Benidorm op U2300 13th"]
[Site "Benidorm"]
[Date "2014.11.29"]
[Round "2"]
[White "Cucarella Montell, Angels"]
[Black "Volman, Horacio"]
[Result "0-1"]
[WhiteElo "1954"]
[BlackElo "2146"]
[PlyCount "48"]
[EventDate "2014.11.28"]
[EventType "swiss"]
[EventRounds "10"]
[EventCountry "ESP"]
[SourceTitle "CBM 163 Extra"]
[Source "ChessBase"]
[SourceDate "2014.12.23"]
[SourceVersion "1"]
[SourceVersionDate "2014.12.23"]
[SourceQuality "1"]

1. e4 d5 2. exd5 Qxd5 3. Nc3 Qa5 4. d4 Nf6 5. Bc4 c6 6. Bd2 Bf5 7. Nd5 Qd8 8. Nxf6+ exf6 9. Qe2+ Be7 10. c3 0-0 11. 0-0-0 Bd6 12. f3 Re8 13. Qf1 Nd7 14. g4 Be6 15. Bxe6 fxe6 16. f4 c5 17. Nf3 Qc7 18. f5 exf5 19. gxf5 Nb6 20. Rg1 Kh8 21. h4 Nd5 22. Qf2 Nf4 23. Bxf4 Bxf4+ 24. Kb1 Be3 0-1

[Event "Euskadi-ch"]
[Site "Zornotza"]
[Date "2014.04.27"]
[Round "7"]
[White "Garcia Sanchez, Jose Manuel"]
[Black "Cucarella Montell, Angels"]
[Result "1-0"]
[WhiteElo "1793"]
[BlackElo "1978"]
[PlyCount "67"]
[EventDate "2014.04.21"]
[EventType "swiss"]
[EventRounds "7"]
[EventCountry "ESP"]
[SourceTitle "CBM 160 Extra"]
[Source "ChessBase"]
[SourceDate "2014.07.01"]
[SourceVersion "1"]
[SourceVersionDate "2014.07.01"]
[SourceQuality "1"]

1. e4 c5 2. Nf3 e6 3. c3 d5 4. exd5 Qxd5 5. c4 Qd8 6. Be2 Nc6 7. 0-0 Nf6 8. Nc3 Be7 9. b3 0-0 10. Bb2 a6 11. a3 Qc7 12. Qc2 Ng4 13. Ne4 f5 14. Ng3 e5 15. h3 e4 16. hxg4 exf3 17. Bxf3 fxg4 18. Be4 h6 19. Bd5+ Kh8 20. Qg6 Nd4 21. Be4 Kg8 22. Qh7+ Kf7 23. Bg6+ Ke6 24. Qxg7 Qd6 25. Rae1+ Kd7 26. Bxd4 cxd4 27. Nf5 Rxf5 28. Bxf5+ Kd8 29. Re5 Qf6 30. Qg8+ Kc7 31. Qd5 Bd6 32. Rfe1 Bxf5 33. Rxf5 Qh4 34. Rf7+ 1-0

[Event "Euskadi-ch"]
[Site "Zornotza"]
[Date "2014.04.26"]
[Round "6"]
[White "Cucarella Montell, Angels"]
[Black "Galarza Cenzano, Inigo"]
[Result "1/2-1/2"]
[WhiteElo "1978"]
[BlackElo "2035"]
[PlyCount "27"]
[EventDate "2014.04.21"]
[EventType "swiss"]
[EventRounds "7"]
[EventCountry "ESP"]
[SourceTitle "CBM 160 Extra"]
[Source "ChessBase"]
[SourceDate "2014.07.01"]
[SourceVersion "1"]
[SourceVersionDate "2014.07.01"]
[SourceQuality "1"]

1. e4 c6 2. d4 d5 3. Nc3 dxe4 4. Nxe4 Bf5 5. Ng3 Bg6 6. h4 h6 7. N1e2 e6 8. Nf4 Bh7 9. Bc4 Nf6 10. Nfh5 Bg6 11. Nf4 Bh7 12. Nfh5 Bg6 13. Nf4 Bh7 14. Nfh5 1/2-1/2

[Event "Madrid Chamartin (Women)"]
[Site "Madrid"]
[Date "2014.03.14"]
[Round "5"]
[White "Cucarella Montell, Angels"]
[Black "Rudolf, Anna"]
[Result "0-1"]
[WhiteElo "1964"]
[BlackElo "2297"]
[PlyCount "60"]
[EventDate "2014.03.12"]
[EventType "tourn"]
[EventRounds "10"]
[EventCountry "ESP"]
[SourceTitle "CBM 159 Extra"]
[Source "ChessBase"]
[SourceDate "2014.04.24"]
[SourceVersion "1"]
[SourceVersionDate "2014.04.24"]
[SourceQuality "1"]

1. e4 c6 2. d4 d5 3. e5 c5 4. c3 Nc6 5. Nf3 Bg4 6. Be2 e6 7. Nbd2 cxd4 8. cxd4 Nge7 9. Nb3 Nc8 10. Bd2 Be7 11. 0-0 0-0 12. Rc1 Nb6 13. Ne1 Bxe2 14. Qxe2 Nc4 15. Bc3 a5 16. Nd2 Nxd2 17. Qxd2 Qb6 18. f4 a4 19. Nc2 Rfc8 20. Kh1 Na5 21. Qf2 Nc4 22. f5 exf5 23. Qxf5 Qe6 24. Qxe6 fxe6 25. a3 Bg5 26. Nb4 Bxc1 27. Rxc1 Rc7 28. Nd3 b6 29. Kg1 Rac8 30. Kf2 Nxa3 0-1

[Event "Madrid Chamartin (Women)"]
[Site "Madrid"]
[Date "2014.03.12"]
[Round "2"]
[White "Cucarella Montell, Angels"]
[Black "Huerga Leache, Mikel"]
[Result "0-1"]
[WhiteElo "1964"]
[BlackElo "2441"]
[PlyCount "76"]
[EventDate "2014.03.12"]
[EventType "tourn"]
[EventRounds "10"]
[EventCountry "ESP"]
[SourceTitle "CBM 159 Extra"]
[Source "ChessBase"]
[SourceDate "2014.04.24"]
[SourceVersion "1"]
[SourceVersionDate "2014.04.24"]
[SourceQuality "1"]

1. e4 c5 2. Nf3 Nc6 3. d4 cxd4 4. Nxd4 g6 5. Nc3 Bg7 6. Nde2 Nf6 7. g3 0-0 8. Bg2 Rb8 9. a4 a6 10. 0-0 b5 11. axb5 axb5 12. h3 d6 13. Bg5 Nd7 14. Qc1 Nc5 15. Bh6 Bxh6 16. Qxh6 b4 17. Nd5 Ba6 18. Qd2 b3 19. c3 Ne5 20. Ne3 Bd3 21. f3 Qb6 22. Kh2 e6 23. Rfd1 Rbd8 24. Nd4 Bc2 25. Ndxc2 bxc2 26. Qxc2 Nb3 27. Qe2 Nxa1 28. Rxa1 Ra8 29. Rd1 Ra2 30. Rd2 Ra1 31. Rd1 Rfa8 32. f4 Rxd1 33. Nxd1 Nd7 34. Ne3 Ra2 35. Qc4 Qxb2 36. f5 Nf8 37. e5 dxe5 38. f6 Qf2 0-1

[Event "Euskadi-chT (Vasca) Div Honor"]
[Site "Bergara"]
[Date "2014.02.15"]
[Round "6.2"]
[White "Cucarella Montell, Angels"]
[Black "Monje Peinado, Roberto"]
[Result "1-0"]
[WhiteElo "1964"]
[BlackElo "2053"]
[PlyCount "95"]
[EventDate "2014.01.11"]
[EventType "team-tourn"]
[EventRounds "9"]
[EventCountry "ESP"]
[SourceTitle "EXT 2024"]
[Source "ChessBase"]
[SourceDate "2023.10.10"]
[SourceVersion "1"]
[SourceVersionDate "2023.10.10"]
[SourceQuality "1"]

1. e4 c5 2. Nf3 Nc6 3. Nc3 g6 4. d4 cxd4 5. Nxd4 Bg7 6. Nde2 Nf6 7. g3 0-0 8. Bg2 d6 9. 0-0 Bg4 10. h3 Bd7 11. a4 Rc8 12. Nd5 Na5 13. Ra2 Nxd5 14. exd5 Qc7 15. b3 a6 16. Bd2 b6 17. c4 Nb7 18. Bc3 Bxc3 19. Nxc3 b5 20. axb5 axb5 21. Nxb5 Bxb5 22. cxb5 Qb6 23. Re1 Qxb5 24. Rxe7 Rc3 25. Qd2 Rxb3 26. Ra7 Nd8 27. Rad7 Rb1+ 28. Kh2 Rb2 29. Qf4 Qb6 30. Qe3 Qxe3 31. fxe3 Rb6 32. g4 g5 33. h4 gxh4 34. Kh3 Kg7 35. Kxh4 h6 36. Be4 Kf6 37. Bf5 h5 38. Bd3 hxg4 39. Kxg4 Rg8+ 40. Kf4 Rh8 41. Be4 Rh4+ 42. Kg3 Rh8 43. Bf3 Rg8+ 44. Kf4 Rh8 45. Bg4 Rg8 46. Bh5 Rb4+ 47. e4 Rh8 48. Rxf7+ 1-0

[Event "Euskadi-chT (Vasca) Div Honor"]
[Site "Bergara"]
[Date "2014.01.25"]
[Round "3.3"]
[White "Etchegaray, Patrice"]
[Black "Cucarella Montell, Angels"]
[Result "1-0"]
[WhiteElo "2391"]
[BlackElo "1964"]
[PlyCount "61"]
[EventDate "2014.01.11"]
[EventType "team-tourn"]
[EventRounds "9"]
[EventCountry "ESP"]
[SourceTitle "EXT 2024"]
[Source "ChessBase"]
[SourceDate "2023.10.10"]
[SourceVersion "1"]
[SourceVersionDate "2023.10.10"]
[SourceQuality "1"]

1. d4 d5 2. c4 e6 3. Nc3 c5 4. cxd5 exd5 5. Nf3 Nc6 6. g3 Nf6 7. Bg2 c4 8. 0-0 Be7 9. Ne5 0-0 10. e4 dxe4 11. Nxc6 bxc6 12. Nxe4 Qb6 13. Bg5 Rd8 14. Nxf6+ gxf6 15. Be3 Rb8 16. Be4 f5 17. Bc2 Be6 18. Qh5 Rd5 19. b3 c3 20. Rad1 Bf6 21. Qf3 Qa5 22. Bb1 Rbd8 23. Rc1 Qb4 24. Be4 Ra5 25. Bxc6 Rxa2 26. d5 Bc8 27. Bf4 Ba6 28. Rfe1 Qxb3 29. Bc7 Bd4 30. Qxf5 Qb2 31. Qg5+ 1-0

[Event "Euskadi-chT (Vasca) Div Honor"]
[Site "Bergara"]
[Date "2014.01.11"]
[Round "1"]
[White "Cucarella Montell, Angels"]
[Black "Segovia Sanchez, Antonio"]
[Result "1/2-1/2"]
[WhiteElo "1964"]
[BlackElo "2068"]
[PlyCount "117"]
[EventDate "2014.01.11"]
[EventType "team-tourn"]
[EventRounds "9"]
[EventCountry "ESP"]
[SourceTitle "EXT 2024"]
[Source "ChessBase"]
[SourceDate "2023.10.10"]
[SourceVersion "1"]
[SourceVersionDate "2023.10.10"]
[SourceQuality "1"]

1. e4 c6 2. d4 d5 3. Nc3 dxe4 4. Nxe4 Bf5 5. Ng3 Bg6 6. Nf3 e6 7. h4 h6 8. Ne5 Bh7 9. Bc4 Nf6 10. Qe2 Qe7 11. Bb3 Nbd7 12. Nc4 Nd5 13. Ne4 Bxe4 14. Qxe4 N7f6 15. Qf3 Qc7 16. Bd2 Bb4 17. c3 Be7 18. h5 0-0-0 19. Ne5 Bd6 20. Nd3 Qe7 21. 0-0-0 Kb8 22. Rhe1 Ka8 23. Ne5 Qc7 24. Kb1 Rhf8 25. c4 Nb4 26. a3 Na6 27. Bxh6 Nxh5 28. Qxh5 gxh6 29. Qxh6 Rh8 30. Qf6 Bxe5 31. Qxe5 Qb6 32. Ka2 Rhg8 33. Qe4 Rd7 34. Re3 Rgd8 35. Red3 Qa5 36. Kb1 Qb6 37. Qe5 Nc7 38. f4 a5 39. d5 cxd5 40. cxd5 Ka7 41. Bc4 Rd6 42. Rb3 Qc5 43. Rc1 Nxd5 44. Rb5 Qe3 45. Rxa5+ Kb8 46. Rxd5 Qxc1+ 47. Kxc1 exd5 48. Bxd5 f6 49. Qe7 Rxd5 50. Qxf6 Rd1+ 51. Kc2 R8d2+ 52. Kb3 Rxg2 53. Qe5+ Ka7 54. f5 Rf1 55. Kb4 Rgf2 56. Qa5+ Kb8 57. Qd8+ Ka7 58. Qa5+ Kb8 59. Qd8+ 1/2-1/2

[Event "ESP-ch 78th"]
[Site "Linares"]
[Date "2013.09.05"]
[Round "8"]
[White "Ruiz Sanchez, Andres"]
[Black "Cucarella Montell, Angels"]
[Result "1-0"]
[WhiteElo "2191"]
[BlackElo "1996"]
[PlyCount "51"]
[EventDate "2013.08.29"]
[EventType "swiss"]
[EventRounds "9"]
[EventCountry "ESP"]
[SourceTitle "CBM 156 Extra"]
[Source "ChessBase"]
[SourceDate "2013.10.22"]
[SourceVersion "1"]
[SourceVersionDate "2013.10.22"]
[SourceQuality "1"]

1. d4 d5 2. Bf4 Nf6 3. e3 e6 4. Nf3 c5 5. c3 Nc6 6. Nbd2 Bd6 7. Bg3 Bxg3 8. hxg3 Qd6 9. Bb5 cxd4 10. exd4 Bd7 11. Qe2 a6 12. Bd3 h6 13. Ne5 Qe7 14. f4 0-0-0 15. Nb3 Nxe5 16. fxe5 Nh7 17. Nc5 Bc6 18. b4 Qg5 19. b5 axb5 20. Bxb5 Qxg3+ 21. Kd2 Qg5+ 22. Kd1 Kc7 23. Bxc6 bxc6 24. Rf1 Qg6 25. Qa6 Qg4+ 26. Rf3 1-0

[Event "ESP-ch 78th"]
[Site "Linares"]
[Date "2013.09.03"]
[Round "6"]
[White "Arboledas Fernandez, Antonio A"]
[Black "Cucarella Montell, Angels"]
[Result "1-0"]
[WhiteElo "2149"]
[BlackElo "1996"]
[PlyCount "69"]
[EventDate "2013.08.29"]
[EventType "swiss"]
[EventRounds "9"]
[EventCountry "ESP"]
[SourceTitle "CBM 156 Extra"]
[Source "ChessBase"]
[SourceDate "2013.10.22"]
[SourceVersion "1"]
[SourceVersionDate "2013.10.22"]
[SourceQuality "1"]

1. e4 c5 2. c4 Nc6 3. Nc3 g6 4. d3 Bg7 5. Be3 d6 6. Qd2 a6 7. g3 Rb8 8. Bg2 b5 9. Nge2 bxc4 10. dxc4 Ne5 11. b3 Bg4 12. Ng1 Bd7 13. h3 h6 14. f4 Nc6 15. Nge2 Nf6 16. 0-0 0-0 17. Rad1 Qc8 18. Kh2 Rb7 19. f5 Kh7 20. g4 Ne5 21. Ng3 Bc6 22. Nd5 Bxd5 23. exd5 Rb4 24. Qe2 a5 25. Bf4 Nfd7 26. Qc2 Bf6 27. fxg6+ fxg6 28. Bd2 Qa6 29. Rde1 Rbb8 30. Be4 a4 31. Nh5 Bh4 32. Rb1 axb3 33. axb3 Ra8 34. Nf4 Rg8 35. Nxg6 1-0

[Event "ESP-ch 78th"]
[Site "Linares"]
[Date "2013.08.29"]
[Round "1"]
[White "Cucarella Montell, Angels"]
[Black "Matnadze, Ana"]
[Result "0-1"]
[WhiteElo "1996"]
[BlackElo "2390"]
[PlyCount "50"]
[EventDate "2013.08.29"]
[EventType "swiss"]
[EventRounds "9"]
[EventCountry "ESP"]
[SourceTitle "CBM 156 Extra"]
[Source "ChessBase"]
[SourceDate "2013.10.22"]
[SourceVersion "1"]
[SourceVersionDate "2013.10.22"]
[SourceQuality "1"]

1. e4 c6 2. d4 g6 3. Nc3 d5 4. e5 h5 5. f4 Bg4 6. Nf3 e6 7. Be3 Nh6 8. h3 Nf5 9. Bf2 Bxf3 10. Qxf3 h4 11. 0-0-0 a6 12. Bd3 Nd7 13. Bxf5 gxf5 14. g4 hxg3 15. Bxg3 Qa5 16. Kb1 0-0-0 17. h4 c5 18. h5 cxd4 19. Ne2 Bc5 20. Bf2 d3 21. Rxd3 Kb8 22. h6 Rdg8 23. Bxc5 Nxc5 24. Ra3 Qb4 25. Rh5 Rg1+ 0-1

[Event "ESP-chT CECLUB 5th-12th"]
[Site "Linares"]
[Date "2013.08.24"]
[Round "1.1"]
[White "Cucarella Montell, Angels"]
[Black "Moreno Ruiz, Javier"]
[Result "0-1"]
[WhiteElo "1996"]
[BlackElo "2471"]
[PlyCount "114"]
[EventDate "2013.08.24"]
[EventType "team-match"]
[EventRounds "2"]
[EventCountry "ESP"]
[SourceTitle "CBM 156 Extra"]
[Source "ChessBase"]
[SourceDate "2013.10.22"]
[SourceVersion "1"]
[SourceVersionDate "2013.10.22"]
[SourceQuality "1"]
[WhiteTeam "Conteneo Bilbao Haitzak"]
[BlackTeam "Collado Villalba"]
[WhiteTeamCountry "ESP"]
[BlackTeamCountry "ESP"]

1. e4 c5 2. Nf3 Nc6 3. d4 cxd4 4. Nxd4 g6 5. Nc3 Bg7 6. Nde2 Nf6 7. g3 b5 8. Bg2 Rb8 9. a3 a5 10. 0-0 0-0 11. h3 d6 12. Ra2 Nd7 13. Be3 Nc5 14. Nd4 Nxd4 15. Bxd4 Bxd4 16. Qxd4 e5 17. Qd2 Be6 18. Raa1 Qb6 19. Rad1 Rbd8 20. Nd5 Bxd5 21. Qxd5 b4 22. axb4 axb4 23. Kh2 Kg7 24. f4 f6 25. c3 bxc3 26. bxc3 Qb7 27. Qxb7+ Nxb7 28. Rb1 Nc5 29. Rb6 exf4 30. gxf4 Rfe8 31. Rb4 Kf7 32. Rd4 Ke7 33. Kg3 Rc8 34. Rfd1 Red8 35. h4 Ne6 36. R4d3 Rc4 37. Re3 Rdc8 38. Rc1 Nc5 39. e5 dxe5 40. fxe5 f5 41. Kh3 Ne6 42. Bf1 Rg4 43. Ra1 Nf4+ 44. Kh2 Rxh4+ 45. Kg1 Ne6 46. Bg2 Rhc4 47. Ra3 R4c5 48. Ra7+ R8c7 49. Rxc7+ Rxc7 50. Bd5 Rc5 51. c4 Nf4 52. Bg8 h5 53. Kh2 Kf8 54. e6 Ke7 55. Ra3 Nxe6 56. Ra6 Nf4 57. Kg3 g5 0-1

[Event "Euskadi-ch"]
[Site "Zornotza"]
[Date "2013.04.04"]
[Round "4"]
[White "Cucarella Montell, Angels"]
[Black "Galarza Cenzano, Inigo"]
[Result "0-1"]
[WhiteElo "1982"]
[BlackElo "2040"]
[PlyCount "100"]
[EventDate "2013.04.01"]
[EventType "swiss"]
[EventRounds "7"]
[EventCountry "ESP"]
[SourceTitle "CBM 153 Extra"]
[Source "ChessBase"]
[SourceDate "2013.04.22"]
[SourceVersion "1"]
[SourceVersionDate "2013.04.22"]
[SourceQuality "1"]

1. e4 d5 2. exd5 Qxd5 3. Nc3 Qa5 4. d4 Nf6 5. Bc4 c6 6. Bd2 Bf5 7. Nd5 Qd8 8. Nxf6+ gxf6 9. Nf3 e6 10. c3 Nd7 11. Qe2 Qc7 12. Nh4 Bg6 13. Qf3 0-0-0 14. 0-0 Bd6 15. g3 Nb6 16. Bb3 f5 17. Ng2 Nd5 18. Bxd5 cxd5 19. Bf4 h5 20. h4 f6 21. c4 dxc4 22. b3 c3 23. Rac1 Kb8 24. Rxc3 Qd7 25. Rfc1 e5 26. dxe5 fxe5 27. Bg5 Rc8 28. Qd5 Bf7 29. Qd2 Rxc3 30. Rxc3 Rc8 31. Rd3 Rc6 32. Be3 Qe6 33. Qa5 b6 34. Qd2 f4 35. gxf4 Bg6 36. Rc3 Rxc3 37. Qxc3 Be4 38. Qd2 Qg6 39. f3 Bxf3 40. f5 Qf6 41. Bg5 Bc5+ 42. Kh2 Qxf5 43. b4 Bd4 44. a4 Bc6 45. b5 Bd7 46. Ne3 Qh3+ 47. Kg1 Qg3+ 48. Kf1 Qf3+ 49. Ke1 Bg4 50. Qa2 Bc3+ 0-1

[Event "Madrid Chamartin op 1st"]
[Site "Madrid"]
[Date "2012.09.14"]
[Round "8"]
[White "Camara Cozar, David"]
[Black "Cucarella Montell, Angels"]
[Result "0-1"]
[WhiteElo "2077"]
[BlackElo "1967"]
[PlyCount "130"]
[EventDate "2012.09.09"]
[EventType "swiss"]
[EventRounds "9"]
[EventCountry "ESP"]
[SourceTitle "CBM 150 Extra"]
[Source "ChessBase"]
[SourceDate "2012.10.19"]
[SourceVersion "1"]
[SourceVersionDate "2012.10.19"]
[SourceQuality "1"]

1. e4 c5 2. b3 e6 3. Bb2 d6 4. f4 Nf6 5. Bb5+ Nbd7 6. d3 Be7 7. Ne2 0-0 8. Bxd7 Bxd7 9. 0-0 b5 10. Ng3 a5 11. c4 bxc4 12. bxc4 Rb8 13. Bc3 Bc6 14. a4 Nd7 15. Na3 Bf6 16. Bxf6 Qxf6 17. Nb5 Nb6 18. Kh1 Bxb5 19. axb5 a4 20. f5 Qg5 21. Ne2 d5 22. exd5 exd5 23. f6 g6 24. Qc1 Qxc1 25. Rfxc1 Rfe8 26. Nc3 dxc4 27. dxc4 Nxc4 28. Nxa4 Nd2 29. Re1 Ne4 30. b6 c4 31. b7 Kf8 32. Kg1 c3 33. Rxe4 Rxe4 34. Nc5 Rd4 35. Rc1 Ke8 36. Rxc3 Rd5 37. g4 h5 38. gxh5 Rxh5 39. Ne4 Kd7 40. Rb3 Re5 41. Ng3 Kc7 42. Kg2 Rxb7 43. Rc3+ Kd7 44. Kf3 Rb2 45. Kf4 Re6 46. Ne4 Rb4 47. Re3 Rxf6+ 48. Kg5 Rf5+ 49. Kh6 Re5 50. Rd3+ Ke7 51. Ng3 Rh4+ 52. Kg7 Rxh2 53. Rf3 f5 54. Kxg6 Rg2 55. Kg5 Ke6 56. Kh4 Kf6 57. Nh5+ Ke7 58. Nf4 Rg8 59. Kh5 Kf6 60. Kh4 Re1 61. Nh5+ Ke5 62. Ng3 f4 63. Nf1 Kf5 64. Kh3 Re2 65. Ng3+ Rxg3+ 0-1

[Event "Madrid Chamartin op 1st"]
[Site "Madrid"]
[Date "2012.09.12"]
[Round "5"]
[White "Fernandez Lledo, Javier"]
[Black "Cucarella Montell, Angels"]
[Result "1-0"]
[WhiteElo "2202"]
[BlackElo "1967"]
[PlyCount "93"]
[EventDate "2012.09.09"]
[EventType "swiss"]
[EventRounds "9"]
[EventCountry "ESP"]
[SourceTitle "CBM 150 Extra"]
[Source "ChessBase"]
[SourceDate "2012.10.19"]
[SourceVersion "1"]
[SourceVersionDate "2012.10.19"]
[SourceQuality "1"]

1. Nf3 c5 2. e4 d6 3. b3 e5 4. Bc4 h6 5. Nc3 Ne7 6. 0-0 g6 7. Nd5 Bg7 8. c3 Nbc6 9. b4 0-0 10. Rb1 b6 11. d3 Be6 12. Qb3 Bg4 13. Nd2 cxb4 14. Nxb4 Na5 15. Qc2 Nxc4 16. Nxc4 Be6 17. Ne3 d5 18. Ba3 Re8 19. c4 dxe4 20. dxe4 Qc8 21. Ned5 Nc6 22. Nxc6 Qxc6 23. Ne7+ Rxe7 24. Bxe7 Qxc4 25. Rb2 Rc8 26. Qxc4 Rxc4 27. f3 f5 28. Re1 Rd4 29. a3 Bc4 30. Bb4 fxe4 31. fxe4 Rd3 32. Rd2 a5 33. Rxd3 Bxd3 34. Bc3 Bf8 35. Bxe5 Bxa3 36. Bd4 Bc5 37. Bxc5 bxc5 38. Kf2 Kf7 39. Ke3 c4 40. Ra1 Kf6 41. Rxa5 Bf1 42. g3 Bh3 43. Kd4 Be6 44. Ra6 Kf7 45. Ke5 Bd7 46. Ra7 Ke7 47. Kd4 1-0

[Event "ESP-ch (Women)"]
[Site "Salobrena"]
[Date "2012.08.02"]
[Round "5"]
[White "Rodriguez Lorenzo, Yadira"]
[Black "Cucarella Montell, Angels"]
[Result "0-1"]
[WhiteElo "2022"]
[BlackElo "1946"]
[PlyCount "80"]
[EventDate "2012.07.30"]
[EventType "swiss"]
[EventRounds "7"]
[EventCountry "ESP"]
[SourceTitle "CBM 149 Extra"]
[Source "ChessBase"]
[SourceDate "2012.08.24"]
[SourceVersion "1"]
[SourceVersionDate "2012.08.24"]
[SourceQuality "1"]

1. e4 c5 2. Nf3 e6 3. d4 cxd4 4. Nxd4 Nc6 5. Be3 a6 6. Bd3 Qc7 7. Nb3 Nf6 8. 0-0 d5 9. Nc3 dxe4 10. Nxe4 Be7 11. a4 b6 12. Nxf6+ gxf6 13. Qg4 Bd6 14. Qh4 f5 15. Rfe1 Bb7 16. Bg5 Ne7 17. a5 b5 18. c4 Rg8 19. Bf1 bxc4 20. Rac1 Bd5 21. Bxc4 Bxc4 22. Rxc4 Qb7 23. Nc5 Qd5 24. b4 Rxg5 25. Qxg5 Qxc4 26. Nb7 Qxb4 27. Nxd6+ Qxd6 28. Qf6 Ng6 29. h4 Qe7 30. Qc3 Rd8 31. h5 Nf8 32. Qc6+ Nd7 33. Rb1 Qc5 34. Qa4 Qd5 35. Qa1 Qe5 36. Qa4 Qe4 37. Rb4 Qe1+ 38. Kh2 Qxf2 39. Rb7 Qe2 40. Qh4 Qe4 0-1

[Event "ESP-ch (Women)"]
[Site "Salobrena"]
[Date "2012.07.31"]
[Round "3"]
[White "Collazo Hidalgo Gato, Niala"]
[Black "Cucarella Montell, Angels"]
[Result "1-0"]
[WhiteElo "2253"]
[BlackElo "1946"]
[PlyCount "101"]
[EventDate "2012.07.30"]
[EventType "swiss"]
[EventRounds "7"]
[EventCountry "ESP"]
[SourceTitle "CBM 149 Extra"]
[Source "ChessBase"]
[SourceDate "2012.08.24"]
[SourceVersion "1"]
[SourceVersionDate "2012.08.24"]
[SourceQuality "1"]

1. e4 c5 2. Nf3 d6 3. d4 cxd4 4. Nxd4 Nf6 5. Nc3 a6 6. Bc4 e6 7. Bb3 b5 8. 0-0 Be7 9. Kh1 0-0 10. f4 Qc7 11. f5 e5 12. Nde2 Bb7 13. Ng3 Nbd7 14. Be3 Kh8 15. Qf3 Nb6 16. Rad1 Nc4 17. Bc1 Rad8 18. Nh5 h6 19. Nxf6 Bxf6 20. Qh5 Qe7 21. Rd3 Kh7 22. Rh3 Rh8 23. Bxh6 Kg8 24. Qg4 Rxh6 25. Rxh6 Ne3 26. Rh8+ Kxh8 27. Qh3+ Kg8 28. Qxe3 Bg5 29. Qe2 Rc8 30. Qg4 Rc5 31. Bd5 b4 32. Na4 Rc7 33. Nb6 Qd8 34. Bxb7 Rxb7 35. Nd5 f6 36. Rf3 b3 37. axb3 Qa5 38. h3 Qe1+ 39. Kh2 Rb5 40. Rc3 Rc5 41. Rxc5 dxc5 42. Qf3 Qc1 43. Qf2 Kh7 44. h4 Bh6 45. Qg3 Kh8 46. Qf2 Kh7 47. Qe2 Qxb2 48. Ne7 Qd4 49. Qh5 Qxe4 50. Qg6+ Kh8 51. Qe8+ 1-0

[Event "ESP-ch (Women)"]
[Site "Padron"]
[Date "2011.08.04"]
[Round "5"]
[White "Romero Diez, Sandra"]
[Black "Cucarella Montell, Angels"]
[Result "0-1"]
[WhiteElo "1868"]
[BlackElo "1938"]
[PlyCount "104"]
[EventDate "2011.08.01"]
[EventType "swiss"]
[EventRounds "7"]
[EventCountry "ESP"]
[SourceTitle "CBM 143 Extra"]
[Source "ChessBase"]
[SourceDate "2011.08.29"]
[SourceVersion "1"]
[SourceVersionDate "2011.08.29"]
[SourceQuality "1"]

1. d4 d5 2. c4 c6 3. Nf3 dxc4 4. a4 Nf6 5. e3 Be6 6. Nc3 g6 7. Ng5 Bd5 8. e4 h6 9. exd5 hxg5 10. Bxc4 cxd5 11. Bb5+ Nc6 12. Bxg5 Bg7 13. Qf3 a6 14. Bxc6+ bxc6 15. a5 Qd6 16. Ra4 Rxh2 17. Rxh2 Qxh2 18. Bf4 Qh1+ 19. Ke2 Qh5 20. Rb4 Qf5 21. Be5 Qe6 22. Kf1 Kf8 23. Rb6 Nd7 24. Bxg7+ Kxg7 25. Rb7 Rb8 26. Rxb8 Nxb8 27. Na4 Qe4 28. Qc3 e5 29. Nc5 Qxd4 30. Qxd4 exd4 31. Ke2 Kf6 32. Kd3 Ke5 33. g3 g5 34. f3 f6 35. b3 Kd6 36. Kxd4 Nd7 37. Nxd7 Kxd7 38. Kc5 Ke6 39. Kd4 Kd6 40. b4 f5 41. f4 g4 42. Kd3 c5 43. Kc3 cxb4+ 44. Kxb4 Kc6 45. Kc3 Kc5 46. Kd3 d4 47. Kd2 Kc4 48. Kc2 d3+ 49. Kd2 Kd4 50. Kd1 Ke3 51. Ke1 Kf3 52. Kd2 Kxg3 0-1

[Event "ESP-ch (Women)"]
[Site "Padron"]
[Date "2011.08.02"]
[Round "2"]
[White "Cucarella Montell, Angels"]
[Black "Gonzalez Etayo, Oihana"]
[Result "1-0"]
[WhiteElo "1938"]
[BlackElo "1803"]
[PlyCount "113"]
[EventDate "2011.08.01"]
[EventType "swiss"]
[EventRounds "7"]
[EventCountry "ESP"]
[SourceTitle "CBM 143 Extra"]
[Source "ChessBase"]
[SourceDate "2011.08.29"]
[SourceVersion "1"]
[SourceVersionDate "2011.08.29"]
[SourceQuality "1"]

1. e4 c6 2. d4 d5 3. e5 Bf5 4. Nf3 e6 5. Be2 Nd7 6. 0-0 Ne7 7. c3 c5 8. Nh4 Bg6 9. Nxg6 hxg6 10. Nd2 Nf5 11. Nf3 Be7 12. Qb3 Qc7 13. Bd2 c4 14. Qc2 0-0-0 15. Ng5 Bxg5 16. Bxg5 f6 17. Bf4 g5 18. Bg3 Nxg3 19. fxg3 fxe5 20. Qd2 exd4 21. cxd4 e5 22. Bg4 Kb8 23. Rf7 exd4 24. Rxd7 Rxd7 25. Bxd7 Qxd7 26. Qxd4 Re8 27. Rd1 Qe6 28. h3 g6 29. Qxd5 Qe3+ 30. Kh2 g4 31. Qd6+ Kc8 32. Rd4 Qe2 33. Qc5+ Kb8 34. Rxc4 Qe6 35. Qc7+ Ka8 36. Rxg4 Rc8 37. Qa5 b6 38. Qa6 Rc7 39. Qd3 Qxa2 40. Qe4+ Kb8 41. Qe5 Qf7 42. Rd4 Qe7 43. Qf4 a5 44. Rd6 Ka7 45. Qd4 Rb7 46. Rxg6 Qf7 47. Rg5 Qa2 48. h4 Ka6 49. Qd3+ Ka7 50. Qb5 Qe6 51. Re5 Qd6 52. Qd5 Qf6 53. Qd4 Qf8 54. Rxa5+ Kb8 55. Rd5 Kc8 56. Qg4+ Kb8 57. Qf4+ 1-0